| 000 | 00491nam a2200157 4500 | ||
|---|---|---|---|
| 999 |
_c5084 _d5084 |
||
| 008 | 161008b xxu||||| |||| 00| 0 eng d | ||
| 022 | _a2094-8042 | ||
| 082 | _aDPer 370.105 M72 Jan-Dec 2012 v. 60-61 | ||
| 100 |
_915864 _aSantos, Dante Tirol |
||
| 245 |
_aIs wealth important to you?/ _cDante Tirol Santos. |
||
| 260 |
_aPhilippines: _bIn the Grade School, Inc., _c©2012. |
||
| 300 |
_apage 323; _c28 cm. |
||
| 500 | _aThe Modern Teacher. | ||
| 650 | 0 |
_915865 _aWealth |
|
| 942 |
_2ddc _cPER |
||